000 00615nam a22001937a 4500
005 20180328121322.0
010 _aENG-122431
020 _c295.00
_a9780199479603
035 _aEN-105963
037 _bDBAD/PUB
082 _a320.954
100 _aPalshikar, Suhas
245 _aOxford india short introductions :
_cby Suhas Palshikar
_bIndian democracy /
260 _aNew Delhi
_bOxford University Press
_c2017
270 _bNew Delhi
_e110002
_a2/11 Ground Floor, Ansari Road, Daryaganj,
300 _a194p.
_c23cm.(pbk)
_bill.
500 _aInclude index
942 _2ddc
_cEN
_mPAL
_h320.954
999 _c150607
_d150607